=LDR 00000nam 2200000 4500 =001 INLIS000000000023570 =005 20130612122225 =008 ***********************************Ind** =035 ##$$0010-061300000023570 =041 ##$$a Ind =082 ##$$a 658.02 =090 ##$$a 658.02, Tay s =100 ##$$a Taylor III, Bernard W =245 ##$$a Sains manajemen, Pemdekatan matematika untuk bisnis, Bernad W. Taylor III =260 ##$$a 2001 $b Jakarta =300 ##$$a 678 hlm, 26 cm =650 ##$$a Manajemen Perusahaan =850 ##$$a NBPNMAT